000
00297nam a22001337a 4500
008
181220b xxu||||| |||| 00| 0 eng d
020
_a
9780130124814
041
_a
eng
080
_2
3rd
_a
820
100
_a
21
101
_a
GJL
245
_a
Literature and Society
_c
Annas,P,J
942
_2
udc
_c
BK
999
_c
53572
_d
53572